Statistics for Finish the Lyric - Taylor Swift (Debut) Edition

Click here to take the quiz!

General Stats

  • This quiz has been taken 89 times
  • The average score is 9 of 15

Answer Stats

HintAnswer% Correct
Oh, I'm Just a Girl Trying to Find _ _____ __ ____ _____A Place In This World
85%
____ Looks at Me, I Fake a Smile so He Won't SeeDrew
85%
I Was Walkin' Up The Front Porch Steps After _________ That DayEverything
82%
I Hate That ______ ___ Pickup Truck You Never Let Me DriveStupid Old
81%
Why Would You Wanna Break a ________ ____ _____Perfectly Good Heart
75%
Given One Chance, It Was a Moment of Weakness And You Said ______Yes
74%
The Way My Blue Eyes Shined Put Those _____ ____ To Shame that NightGeorgia Stars
68%
You Should've Thought Twice 'Fore You ____ __ ___ ____Let it All Go
60%
And I Know Everything About You I Don't Wanna Live ______ ____Without You
60%
We Could Be a Beautiful, _______, UnbelievableMiracle
51%
She Said, "I Was ______ And You Were ____"Seven, Nine
47%
You Put Up The Walls And Paint Them All A _____ Of ____Shade, Gray
47%
Hold on, Baby; You're Losing it The ______'s high, you're ______ into itWater, Jumping
39%
Cory's Eyes Are Like A _______Jungle
33%
I've Got a Long Drive, I'll ____ my _____Tape, Eyes
7%

Score Distribution

Percentile by Number Answered

Percent of People with Each Score

Your Score History

You have not taken this quiz